Der Ertrag des Kirchenkampfes

Αποθηκεύτηκε σε:
Λεπτομέρειες βιβλιογραφικής εγγραφής
Κύριος συγγραφέας: Schlink, Edmund, 1903-1984
Μορφή: Βιβλίο
Γλώσσα:German
Δημοσίευση: Gutersloh : C. Bertelsmann, [1947]
Έκδοση:2. Aufl.
Θέματα:
Ετικέτες: Προσθήκη ετικέτας
Δεν υπάρχουν, Καταχωρήστε ετικέτα πρώτοι!

MARC

LEADER 00000cam a2200000 i 4500
001 1/39566
008 061219s1947 ger d
035 |l 10086620 
040 |a GR-MY-UA  |b gre  |e aacr 
041 1 |a ger 
082 0 |a 232  |2 (22) 
100 1 |a Schlink, Edmund,   |d 1903-1984. 
245 1 4 |a Der Ertrag des Kirchenkampfes /  |c von Edmund Schlink 
250 |a 2. Aufl. 
260 |a Gutersloh :   |b C. Bertelsmann,   |c [1947] 
300 |a 80 σ.;  |c 18 εκ. 
500 |a Με: Wer ist und wer war Jesus Christus?: seine Geschichte und sein Geheimnis / Dietrich Bonhoeffer. - Die Einheit der Christen: Probleme und Prinzipien, Hindernisse und Mittel, Verwirklichungen und Aussichten / Augustin Kardinal Bea. - Christen suchen eine Kirche: die Okumenische Bewegung und Rom, mit Dokumenten und soziographischen Beilagen / J. P. Michael. - Gegenwart des Christentums / Karl Rahner 
650 0 0 |a Christian union. 
651 0 |a Germany  |x Church history  |y 1933-1945. 
852 |a INST  |b RHODES  |c KRI  |e 20061219  |h  232 BON  |p 005400027340  |q 005400027340  |t BK  |y 0 
901 |a BIBL4-2006-3 
909 |a Ρ  |b 123621 
970 |a ΚΟΖΑ  |b ΜΑΡΙΑ  |z 2006/12/19